000 00413nam a2200181Ia 4500
005 20250423100623.0
008 250422s9999 xx 000 0 und d
020 _a0-13-197736-9
050 _aQP 514.2 .P753/
245 0 _aPrinciples of biochemistry
250 _a4th ed.
260 _aNew Jersey
260 _bPearson Education
260 _c2006
300 _a851 p
650 _aScience
942 _cBK
999 _c33854
_d33854